Plan de desarrollo institucional 1998-2005
| 企业作者: | |
|---|---|
| 格式: | 图书 |
| 语言: | 西班牙语 |
| 出版: |
Coayacán, México :
Universidad Nacional Autónoma de México,
1998
|
| 主题: |
MARC
| LEADER | 00000nam a2200000Ia 4500 | ||
|---|---|---|---|
| 008 | 180307b1998 mx ||||| |||| 00| | spa d | ||
| 999 | |c 1615 |d 1615 | ||
| 090 | |a 06.02.03 |b 491 | ||
| 110 | 2 | |a Universidad Nacional Autónoma de México. Centro de Estudios sobre la Universidad |9 2886 | |
| 245 | 1 | 0 | |a Plan de desarrollo institucional 1998-2005 |
| 260 | |a Coayacán, México : |b Universidad Nacional Autónoma de México, |c 1998 | ||
| 300 | |a 82 páginas | ||
| 650 | 1 | 4 | |a EDUCACIÓN SUPERIOR |9 8 |
| 650 | 1 | 4 | |a PROYECTOS DE EDUCACION |9 152 |
| 942 | |i 00929 ,00930 |h 06.02.03 491 |2 z |c 01 | ||
